LEADER 00900nam0-2200313---450- 001 990008251780403321 005 20060411143048.0 035 $a000825178 035 $aFED01000825178 035 $a(Aleph)000825178FED01 035 $a000825178 100 $a20060109d1972----km-y0itay50------ba 101 1 $aita 102 $aIT 105 $a----a---001yy 200 1 $aPlatone$ela vita il pensiero i testi esemplari$fdi Geneviève Rodis-Lewis$gtraduzione di Gilberto Isella 210 $aMilano$cEdizioni Accademia$d1972 215 $a268 p.$d18 cm 225 1 $a<>memorabili 610 0 $aPlato$f<427-347 a. C.> 676 $a921 700 1$aRodis-Lewis,$bGeneviève$f<1918-2004>$0385835 801 0$aIT$bUNINA$gRICA$2UNIMARC 901 $aBK 912 $a990008251780403321 952 $a921 ROD 1$bBibl.019032$fFLFBC 959 $aFLFBC 996 $aPlatone$9743014 997 $aUNINA LEADER 00862nam0-22002651i-450 001 990004819090403321 005 20180313093831.0 100 $a19990530d1903----km-y0itay50------ba 101 0 $aita 102 $aIT 105 $ac---e---001yy 200 1 $aDizionario di pensieri e sentenze di autori antichi e moderni di ogni nazione$fNiccolò Persichetti 205 $a6. ed. corr. 210 $aMilano$cRechiedei$d1903 215 $a688 p., [1] tav.$c1 ritr.$d19 cm 610 0 $aAforismi e sentenze$aRepertori 676 $a808.882$v22$zita 700 1$aPersichetti,$bNiccolò$0393483 801 0$aIT$bUNINA$gRICA$2UNIMARC 901 $aBK 912 $a990004819090403321 952 $a808.882 PER 1$bIst.f.m.21406$fFLFBC 959 $aFLFBC 996 $aDizionario di pensieri e sentenze di autori antichi e moderni di ogni Nazione$9519636 997 $aUNINA